<?xml version="1.0" encoding="UTF-8"?>
<record
    xmlns:xsi="http://www.w3.org/2001/XMLSchema-instance"
    xsi:schemaLocation="http://www.loc.gov/MARC21/slim http://www.loc.gov/standards/marcxml/schema/MARC21slim.xsd"
    xmlns="http://www.loc.gov/MARC21/slim">

  <leader>00604nam a22002057a 4500</leader>
  <datafield tag="999" ind1=" " ind2=" ">
    <subfield code="c">9</subfield>
    <subfield code="d">9</subfield>
  </datafield>
  <controlfield tag="003">OSt</controlfield>
  <controlfield tag="005">20190826120221.0</controlfield>
  <controlfield tag="008">190826b           ||||| |||| 00| 0 eng d</controlfield>
  <datafield tag="040" ind1=" " ind2=" ">
    <subfield code="c"> </subfield>
  </datafield>
  <datafield tag="082" ind1=" " ind2=" ">
    <subfield code="2">9th ed.</subfield>
    <subfield code="a">620.106</subfield>
    <subfield code="b">B2196</subfield>
  </datafield>
  <datafield tag="100" ind1=" " ind2=" ">
    <subfield code="9">5</subfield>
    <subfield code="a">Bansal, R.K.</subfield>
  </datafield>
  <datafield tag="245" ind1=" " ind2=" ">
    <subfield code="a">A Textbook of Fluid Mechanics and Hydraulic Machines</subfield>
  </datafield>
  <datafield tag="250" ind1=" " ind2=" ">
    <subfield code="a">9th rev ed.</subfield>
  </datafield>
  <datafield tag="260" ind1=" " ind2=" ">
    <subfield code="a">New Delhi</subfield>
    <subfield code="b">Laxmi Publication (p) Ltd</subfield>
    <subfield code="c">2010</subfield>
  </datafield>
  <datafield tag="300" ind1=" " ind2=" ">
    <subfield code="a">xxvi,1102p.</subfield>
  </datafield>
  <datafield tag="505" ind1=" " ind2=" ">
    <subfield code="r">By R.K.Bansal</subfield>
  </datafield>
  <datafield tag="600" ind1=" " ind2="0">
    <subfield code="9">6</subfield>
    <subfield code="a">Fluid Mechanics</subfield>
  </datafield>
  <datafield tag="856" ind1=" " ind2=" ">
    <subfield code="u">http://www.laxmipublications.com/servlet/lpgetbiblio?bno=000175&amp;pageName=Author</subfield>
  </datafield>
  <datafield tag="942" ind1=" " ind2=" ">
    <subfield code="2">ddc</subfield>
    <subfield code="c">BK</subfield>
  </datafield>
  <datafield tag="952" ind1=" " ind2=" ">
    <subfield code="0">0</subfield>
    <subfield code="1">0</subfield>
    <subfield code="2">ddc</subfield>
    <subfield code="4">0</subfield>
    <subfield code="7">0</subfield>
    <subfield code="a">CL</subfield>
    <subfield code="b">CL</subfield>
    <subfield code="d">2011-01-19</subfield>
    <subfield code="e">Shroff Publishers and Distributors</subfield>
    <subfield code="l">5</subfield>
    <subfield code="m">4</subfield>
    <subfield code="o">620.106 B2196</subfield>
    <subfield code="p">11185</subfield>
    <subfield code="r">2022-12-20</subfield>
    <subfield code="s">2022-11-03</subfield>
    <subfield code="v">495.00</subfield>
    <subfield code="w">2019-08-26</subfield>
    <subfield code="y">BK</subfield>
  </datafield>
  <datafield tag="952" ind1=" " ind2=" ">
    <subfield code="0">0</subfield>
    <subfield code="1">0</subfield>
    <subfield code="2">ddc</subfield>
    <subfield code="4">0</subfield>
    <subfield code="7">0</subfield>
    <subfield code="a">CL</subfield>
    <subfield code="b">CL</subfield>
    <subfield code="d">2011-01-19</subfield>
    <subfield code="e">Shroff Publishers and Distributors</subfield>
    <subfield code="l">3</subfield>
    <subfield code="o">620.106 B2196</subfield>
    <subfield code="p">11186</subfield>
    <subfield code="r">2025-12-02</subfield>
    <subfield code="s">2025-09-18</subfield>
    <subfield code="v">495.00</subfield>
    <subfield code="w">2019-08-26</subfield>
    <subfield code="y">BK</subfield>
  </datafield>
  <datafield tag="952" ind1=" " ind2=" ">
    <subfield code="0">0</subfield>
    <subfield code="1">0</subfield>
    <subfield code="2">ddc</subfield>
    <subfield code="4">0</subfield>
    <subfield code="7">0</subfield>
    <subfield code="a">CL</subfield>
    <subfield code="b">CL</subfield>
    <subfield code="d">2005-07-05</subfield>
    <subfield code="e">Jyoti, the Book People</subfield>
    <subfield code="o">620.106 B2196</subfield>
    <subfield code="p">09604</subfield>
    <subfield code="r">2020-02-12</subfield>
    <subfield code="v">310.00</subfield>
    <subfield code="w">2020-02-12</subfield>
    <subfield code="y">BK</subfield>
  </datafield>
  <datafield tag="952" ind1=" " ind2=" ">
    <subfield code="0">0</subfield>
    <subfield code="1">0</subfield>
    <subfield code="2">ddc</subfield>
    <subfield code="4">0</subfield>
    <subfield code="7">0</subfield>
    <subfield code="a">CL</subfield>
    <subfield code="b">CL</subfield>
    <subfield code="d">2005-07-05</subfield>
    <subfield code="e">Jyoti, the Book People</subfield>
    <subfield code="o">620.106 B2196</subfield>
    <subfield code="p">09605</subfield>
    <subfield code="r">2020-02-12</subfield>
    <subfield code="v">310.00</subfield>
    <subfield code="w">2020-02-12</subfield>
    <subfield code="y">BK</subfield>
  </datafield>
  <datafield tag="952" ind1=" " ind2=" ">
    <subfield code="0">0</subfield>
    <subfield code="1">0</subfield>
    <subfield code="2">ddc</subfield>
    <subfield code="4">0</subfield>
    <subfield code="7">0</subfield>
    <subfield code="a">CL</subfield>
    <subfield code="b">CL</subfield>
    <subfield code="d">2005-07-05</subfield>
    <subfield code="e">Jyoti, the Book People</subfield>
    <subfield code="o">620.106 B2196</subfield>
    <subfield code="p">09606</subfield>
    <subfield code="r">2020-02-12</subfield>
    <subfield code="v">310.00</subfield>
    <subfield code="w">2020-02-12</subfield>
    <subfield code="y">BK</subfield>
  </datafield>
  <datafield tag="952" ind1=" " ind2=" ">
    <subfield code="0">0</subfield>
    <subfield code="1">0</subfield>
    <subfield code="2">ddc</subfield>
    <subfield code="4">0</subfield>
    <subfield code="7">0</subfield>
    <subfield code="a">CL</subfield>
    <subfield code="b">CL</subfield>
    <subfield code="d">2005-07-05</subfield>
    <subfield code="e">Jyoti, the Book People</subfield>
    <subfield code="l">4</subfield>
    <subfield code="m">1</subfield>
    <subfield code="o">620.106 B2196</subfield>
    <subfield code="p">09607</subfield>
    <subfield code="r">2023-12-14</subfield>
    <subfield code="s">2023-11-29</subfield>
    <subfield code="v">310.00</subfield>
    <subfield code="w">2020-02-12</subfield>
    <subfield code="y">BK</subfield>
  </datafield>
  <datafield tag="952" ind1=" " ind2=" ">
    <subfield code="0">0</subfield>
    <subfield code="1">0</subfield>
    <subfield code="2">ddc</subfield>
    <subfield code="4">0</subfield>
    <subfield code="7">0</subfield>
    <subfield code="a">CL</subfield>
    <subfield code="b">CL</subfield>
    <subfield code="d">2005-07-05</subfield>
    <subfield code="e">Jyoti, the Book People</subfield>
    <subfield code="l">2</subfield>
    <subfield code="m">1</subfield>
    <subfield code="o">620.106 B2196</subfield>
    <subfield code="p">09608</subfield>
    <subfield code="r">2022-10-10</subfield>
    <subfield code="s">2022-09-20</subfield>
    <subfield code="v">310.00</subfield>
    <subfield code="w">2020-02-12</subfield>
    <subfield code="y">BK</subfield>
  </datafield>
  <datafield tag="952" ind1=" " ind2=" ">
    <subfield code="0">0</subfield>
    <subfield code="1">0</subfield>
    <subfield code="2">ddc</subfield>
    <subfield code="4">0</subfield>
    <subfield code="7">0</subfield>
    <subfield code="a">CL</subfield>
    <subfield code="b">CL</subfield>
    <subfield code="d">2008-03-25</subfield>
    <subfield code="e">Jyoti, the Book People</subfield>
    <subfield code="o">620.106 B2196</subfield>
    <subfield code="p">10064</subfield>
    <subfield code="r">2020-02-19</subfield>
    <subfield code="v">425.00</subfield>
    <subfield code="w">2020-02-19</subfield>
    <subfield code="y">BK</subfield>
  </datafield>
  <datafield tag="952" ind1=" " ind2=" ">
    <subfield code="0">0</subfield>
    <subfield code="1">0</subfield>
    <subfield code="2">ddc</subfield>
    <subfield code="4">0</subfield>
    <subfield code="7">0</subfield>
    <subfield code="a">CL</subfield>
    <subfield code="b">CL</subfield>
    <subfield code="d">2008-03-25</subfield>
    <subfield code="e">Jyoti, the Book People</subfield>
    <subfield code="o">620.106 B2196</subfield>
    <subfield code="p">10065</subfield>
    <subfield code="r">2020-02-19</subfield>
    <subfield code="v">425.00</subfield>
    <subfield code="w">2020-02-19</subfield>
    <subfield code="y">BK</subfield>
  </datafield>
  <datafield tag="952" ind1=" " ind2=" ">
    <subfield code="0">0</subfield>
    <subfield code="1">0</subfield>
    <subfield code="2">ddc</subfield>
    <subfield code="4">0</subfield>
    <subfield code="7">0</subfield>
    <subfield code="a">CL</subfield>
    <subfield code="b">CL</subfield>
    <subfield code="d">2008-03-25</subfield>
    <subfield code="e">Jyoti, the Book People</subfield>
    <subfield code="o">620.106 B2196</subfield>
    <subfield code="p">10066</subfield>
    <subfield code="r">2020-02-19</subfield>
    <subfield code="v">425.00</subfield>
    <subfield code="w">2020-02-19</subfield>
    <subfield code="y">BK</subfield>
  </datafield>
  <datafield tag="952" ind1=" " ind2=" ">
    <subfield code="0">0</subfield>
    <subfield code="1">0</subfield>
    <subfield code="2">ddc</subfield>
    <subfield code="4">0</subfield>
    <subfield code="7">0</subfield>
    <subfield code="a">CL</subfield>
    <subfield code="b">CL</subfield>
    <subfield code="d">2008-03-25</subfield>
    <subfield code="e">Jyoti, the Book People</subfield>
    <subfield code="o">620.106 B2196</subfield>
    <subfield code="p">10067</subfield>
    <subfield code="r">2020-02-19</subfield>
    <subfield code="v">425.00</subfield>
    <subfield code="w">2020-02-19</subfield>
    <subfield code="y">BK</subfield>
  </datafield>
  <datafield tag="952" ind1=" " ind2=" ">
    <subfield code="0">0</subfield>
    <subfield code="1">0</subfield>
    <subfield code="2">ddc</subfield>
    <subfield code="4">0</subfield>
    <subfield code="7">0</subfield>
    <subfield code="a">CL</subfield>
    <subfield code="b">CL</subfield>
    <subfield code="d">2008-03-25</subfield>
    <subfield code="e">Jyoti, the Book People</subfield>
    <subfield code="o">620.106 B2196</subfield>
    <subfield code="p">10068</subfield>
    <subfield code="r">2020-02-19</subfield>
    <subfield code="v">425.00</subfield>
    <subfield code="w">2020-02-19</subfield>
    <subfield code="y">BK</subfield>
  </datafield>
  <datafield tag="952" ind1=" " ind2=" ">
    <subfield code="0">0</subfield>
    <subfield code="1">0</subfield>
    <subfield code="2">ddc</subfield>
    <subfield code="4">0</subfield>
    <subfield code="7">0</subfield>
    <subfield code="a">CL</subfield>
    <subfield code="b">CL</subfield>
    <subfield code="d">2008-03-25</subfield>
    <subfield code="e">Jyoti, the Book People</subfield>
    <subfield code="l">2</subfield>
    <subfield code="o">620.106 B2196</subfield>
    <subfield code="p">10069</subfield>
    <subfield code="r">2022-09-26</subfield>
    <subfield code="s">2022-09-09</subfield>
    <subfield code="v">425.00</subfield>
    <subfield code="w">2020-02-19</subfield>
    <subfield code="y">BK</subfield>
  </datafield>
  <datafield tag="952" ind1=" " ind2=" ">
    <subfield code="0">0</subfield>
    <subfield code="1">0</subfield>
    <subfield code="2">ddc</subfield>
    <subfield code="4">0</subfield>
    <subfield code="7">0</subfield>
    <subfield code="a">CL</subfield>
    <subfield code="b">CL</subfield>
    <subfield code="d">2008-03-25</subfield>
    <subfield code="e">Jyoti, the Book People</subfield>
    <subfield code="o">620.106 B2196</subfield>
    <subfield code="p">10070</subfield>
    <subfield code="r">2020-02-19</subfield>
    <subfield code="v">425.00</subfield>
    <subfield code="w">2020-02-19</subfield>
    <subfield code="y">BK</subfield>
  </datafield>
  <datafield tag="952" ind1=" " ind2=" ">
    <subfield code="0">0</subfield>
    <subfield code="1">0</subfield>
    <subfield code="2">ddc</subfield>
    <subfield code="4">0</subfield>
    <subfield code="7">0</subfield>
    <subfield code="a">CL</subfield>
    <subfield code="b">CL</subfield>
    <subfield code="d">2008-03-25</subfield>
    <subfield code="e">Jyoti, the Book People</subfield>
    <subfield code="o">620.106 B2196</subfield>
    <subfield code="p">10071</subfield>
    <subfield code="r">2020-02-19</subfield>
    <subfield code="v">425.00</subfield>
    <subfield code="w">2020-02-19</subfield>
    <subfield code="y">BK</subfield>
  </datafield>
  <datafield tag="952" ind1=" " ind2=" ">
    <subfield code="0">0</subfield>
    <subfield code="1">0</subfield>
    <subfield code="2">ddc</subfield>
    <subfield code="4">0</subfield>
    <subfield code="7">0</subfield>
    <subfield code="a">CL</subfield>
    <subfield code="b">CL</subfield>
    <subfield code="d">2008-03-25</subfield>
    <subfield code="e">Jyoti, the Book People</subfield>
    <subfield code="o">620.106 B2196</subfield>
    <subfield code="p">10072</subfield>
    <subfield code="r">2020-02-19</subfield>
    <subfield code="v">425.00</subfield>
    <subfield code="w">2020-02-19</subfield>
    <subfield code="y">BK</subfield>
  </datafield>
  <datafield tag="952" ind1=" " ind2=" ">
    <subfield code="0">0</subfield>
    <subfield code="1">0</subfield>
    <subfield code="2">ddc</subfield>
    <subfield code="4">0</subfield>
    <subfield code="7">0</subfield>
    <subfield code="a">CL</subfield>
    <subfield code="b">CL</subfield>
    <subfield code="d">2008-03-25</subfield>
    <subfield code="e">Jyoti, the Book People</subfield>
    <subfield code="o">620.106 B2196</subfield>
    <subfield code="p">10073</subfield>
    <subfield code="r">2020-02-19</subfield>
    <subfield code="v">425.00</subfield>
    <subfield code="w">2020-02-19</subfield>
    <subfield code="y">BK</subfield>
  </datafield>
  <datafield tag="952" ind1=" " ind2=" ">
    <subfield code="0">0</subfield>
    <subfield code="1">0</subfield>
    <subfield code="2">ddc</subfield>
    <subfield code="4">0</subfield>
    <subfield code="7">0</subfield>
    <subfield code="a">CL</subfield>
    <subfield code="b">CL</subfield>
    <subfield code="d">2009-03-30</subfield>
    <subfield code="e">R. B. Enterprises</subfield>
    <subfield code="g">450.00</subfield>
    <subfield code="l">8</subfield>
    <subfield code="m">1</subfield>
    <subfield code="o">620.106 B2196</subfield>
    <subfield code="p">10746</subfield>
    <subfield code="r">2024-04-10</subfield>
    <subfield code="s">2024-03-27</subfield>
    <subfield code="v">450.00</subfield>
    <subfield code="w">2009-03-17</subfield>
    <subfield code="y">BK</subfield>
  </datafield>
  <datafield tag="952" ind1=" " ind2=" ">
    <subfield code="0">0</subfield>
    <subfield code="1">0</subfield>
    <subfield code="2">ddc</subfield>
    <subfield code="4">0</subfield>
    <subfield code="7">0</subfield>
    <subfield code="a">CL</subfield>
    <subfield code="b">CL</subfield>
    <subfield code="d">2009-03-30</subfield>
    <subfield code="e">R. B. Enterprises</subfield>
    <subfield code="l">5</subfield>
    <subfield code="m">1</subfield>
    <subfield code="o">620.106 B2196</subfield>
    <subfield code="p">10821</subfield>
    <subfield code="r">2023-12-08</subfield>
    <subfield code="s">2023-12-04</subfield>
    <subfield code="v">450.00</subfield>
    <subfield code="w">2020-02-21</subfield>
    <subfield code="y">BK</subfield>
  </datafield>
  <datafield tag="952" ind1=" " ind2=" ">
    <subfield code="0">0</subfield>
    <subfield code="1">0</subfield>
    <subfield code="2">ddc</subfield>
    <subfield code="4">0</subfield>
    <subfield code="7">0</subfield>
    <subfield code="a">CL</subfield>
    <subfield code="b">CL</subfield>
    <subfield code="d">2009-03-30</subfield>
    <subfield code="e">R. B. Enterprises</subfield>
    <subfield code="l">4</subfield>
    <subfield code="o">620.106 B2196</subfield>
    <subfield code="p">10822</subfield>
    <subfield code="r">2024-04-16</subfield>
    <subfield code="s">2023-11-28</subfield>
    <subfield code="v">450.00</subfield>
    <subfield code="w">2020-02-21</subfield>
    <subfield code="y">BK</subfield>
  </datafield>
  <datafield tag="952" ind1=" " ind2=" ">
    <subfield code="0">0</subfield>
    <subfield code="1">0</subfield>
    <subfield code="2">ddc</subfield>
    <subfield code="4">0</subfield>
    <subfield code="7">0</subfield>
    <subfield code="a">CL</subfield>
    <subfield code="b">CL</subfield>
    <subfield code="d">2009-03-30</subfield>
    <subfield code="e">R. B. Enterprises</subfield>
    <subfield code="l">1</subfield>
    <subfield code="o">620.106 B2196</subfield>
    <subfield code="p">10823</subfield>
    <subfield code="r">2022-12-14</subfield>
    <subfield code="s">2022-11-29</subfield>
    <subfield code="v">450.00</subfield>
    <subfield code="w">2020-02-21</subfield>
    <subfield code="y">BK</subfield>
  </datafield>
  <datafield tag="952" ind1=" " ind2=" ">
    <subfield code="0">0</subfield>
    <subfield code="1">0</subfield>
    <subfield code="2">ddc</subfield>
    <subfield code="4">0</subfield>
    <subfield code="7">0</subfield>
    <subfield code="a">CL</subfield>
    <subfield code="b">CL</subfield>
    <subfield code="d">2009-03-30</subfield>
    <subfield code="e">R. B. Enterprises</subfield>
    <subfield code="l">2</subfield>
    <subfield code="o">620.106 B2196</subfield>
    <subfield code="p">10824</subfield>
    <subfield code="r">2023-12-08</subfield>
    <subfield code="s">2023-12-06</subfield>
    <subfield code="v">450.00</subfield>
    <subfield code="w">2020-02-21</subfield>
    <subfield code="y">BK</subfield>
  </datafield>
  <datafield tag="952" ind1=" " ind2=" ">
    <subfield code="0">0</subfield>
    <subfield code="1">0</subfield>
    <subfield code="2">ddc</subfield>
    <subfield code="4">0</subfield>
    <subfield code="7">0</subfield>
    <subfield code="a">CL</subfield>
    <subfield code="b">CL</subfield>
    <subfield code="d">2009-03-30</subfield>
    <subfield code="e">R. B. Enterprises</subfield>
    <subfield code="l">2</subfield>
    <subfield code="m">1</subfield>
    <subfield code="o">620.106 B2196</subfield>
    <subfield code="p">10825</subfield>
    <subfield code="r">2023-12-08</subfield>
    <subfield code="s">2023-11-22</subfield>
    <subfield code="v">450.00</subfield>
    <subfield code="w">2020-02-21</subfield>
    <subfield code="y">BK</subfield>
  </datafield>
  <datafield tag="952" ind1=" " ind2=" ">
    <subfield code="0">0</subfield>
    <subfield code="1">0</subfield>
    <subfield code="2">ddc</subfield>
    <subfield code="4">0</subfield>
    <subfield code="7">0</subfield>
    <subfield code="a">CL</subfield>
    <subfield code="b">CL</subfield>
    <subfield code="d">2009-03-30</subfield>
    <subfield code="e">R. B. Enterprises</subfield>
    <subfield code="l">2</subfield>
    <subfield code="m">1</subfield>
    <subfield code="o">620.106 B2196</subfield>
    <subfield code="p">10826</subfield>
    <subfield code="r">2023-12-18</subfield>
    <subfield code="s">2023-11-24</subfield>
    <subfield code="v">450.00</subfield>
    <subfield code="w">2020-02-21</subfield>
    <subfield code="y">BK</subfield>
  </datafield>
  <datafield tag="952" ind1=" " ind2=" ">
    <subfield code="0">0</subfield>
    <subfield code="1">0</subfield>
    <subfield code="2">ddc</subfield>
    <subfield code="4">0</subfield>
    <subfield code="7">0</subfield>
    <subfield code="a">CL</subfield>
    <subfield code="b">CL</subfield>
    <subfield code="d">2009-03-30</subfield>
    <subfield code="e">R. B. Enterprises</subfield>
    <subfield code="l">1</subfield>
    <subfield code="o">620.106 B2196</subfield>
    <subfield code="p">10827</subfield>
    <subfield code="q">2023-07-26</subfield>
    <subfield code="r">2023-01-27</subfield>
    <subfield code="s">2023-01-27</subfield>
    <subfield code="v">450.00</subfield>
    <subfield code="w">2020-02-21</subfield>
    <subfield code="y">BK</subfield>
  </datafield>
  <datafield tag="952" ind1=" " ind2=" ">
    <subfield code="0">0</subfield>
    <subfield code="1">0</subfield>
    <subfield code="2">ddc</subfield>
    <subfield code="4">0</subfield>
    <subfield code="7">0</subfield>
    <subfield code="a">CL</subfield>
    <subfield code="b">CL</subfield>
    <subfield code="d">2009-03-30</subfield>
    <subfield code="e">R. B. Enterprises</subfield>
    <subfield code="l">1</subfield>
    <subfield code="o">620.106 B2196</subfield>
    <subfield code="p">10828</subfield>
    <subfield code="r">2022-12-23</subfield>
    <subfield code="s">2022-12-05</subfield>
    <subfield code="v">450.00</subfield>
    <subfield code="w">2020-02-21</subfield>
    <subfield code="y">BK</subfield>
  </datafield>
  <datafield tag="952" ind1=" " ind2=" ">
    <subfield code="0">0</subfield>
    <subfield code="1">0</subfield>
    <subfield code="2">ddc</subfield>
    <subfield code="4">0</subfield>
    <subfield code="7">0</subfield>
    <subfield code="a">CL</subfield>
    <subfield code="b">CL</subfield>
    <subfield code="d">2009-03-30</subfield>
    <subfield code="e">R. B. Enterprises</subfield>
    <subfield code="l">4</subfield>
    <subfield code="m">1</subfield>
    <subfield code="o">620.106 B2196</subfield>
    <subfield code="p">10829</subfield>
    <subfield code="r">2023-12-13</subfield>
    <subfield code="s">2023-11-21</subfield>
    <subfield code="v">450.00</subfield>
    <subfield code="w">2020-02-21</subfield>
    <subfield code="y">BK</subfield>
  </datafield>
</record>
